000 00317 a2200121 4500
001 147069
040 _cEscola São Tomás de Aquino
100 _aPHILIPP, Rita Radl
240 1 0 _aVamos falar sobre...
_lpor
245 1 0 _aVamos falar sobre...
697 _aProblemas de disciplina. Violência estudantil
942 _cBK
999 _c147069
_d147069